000 00455cam a22001934a 4500
005 20250605164250.0
008 250528s ||||||||||||||||||||||||d
035 _a21701
020 _a9780582045002
040 _aGR-AtMCL
_bgre
_dGR-AtMCL
_eAACR2
245 1 _aLONGMAN ENGLISH GRAMMAR PRACTICE
250 _a1
260 _bLongman,
_c1990
300 _a296
700 1 _aAlexander L.G.
_97640
942 _cBK
999 _c6761
_d6761